000
00296nam a22001337a 4500
008
181122b xxu||||| |||| 00| 0 eng d
020
_a
039751056-X
041
_a
eng
080
_2
6th
_a
616.5
100
_a
7
101
_a
DER
245
_a
Manual of Skin Disease
_c
Sauer,G.C
942
_2
udc
_c
BK
999
_c
52339
_d
52339